| 000 | 00511cam a2200193ua 4500 | ||
|---|---|---|---|
| 020 |
_a81-203-0919-7 _c95.00 |
||
| 041 |
_aeng _h |
||
| 082 |
_a006.33 _bERM/EX |
||
| 100 | _aErmine, Jean-Louis . | ||
| 245 |
_aExpert systems: Theory and practice / _cJean-Louis Ermine. _hTextual Documents |
||
| 250 |
_a1 / _b. |
||
| 260 |
_aNew Delhi : _bPrentice Hall of India Pvt Ltd. , _c2001. |
||
| 300 | _a ; . | ||
| 365 | _a95.00 | ||
| 504 | _a | ||
| 942 | _cBK | ||
| 999 |
_c7375 _d7375 |
||